[Event "FRA-chT2 West 0809"]
[Site "France"]
[Date "2008.11.22"]
[Round "2.7"]
[White "Guyard, Rodolphe"]
[Black "Mahe, Romain"]
[Result "1-0"]
[WhiteElo "2131"]
[BlackElo "2016"]
[PlyCount "65"]
[EventDate "2008.10.19"]
[EventType "team-tourn"]
[EventRounds "11"]
[EventCountry "FRA"]
[SourceTitle "EXT 2010"]
[Source "ChessBase"]
[SourceDate "2010.11.25"]
[SourceVersion "1"]
[SourceVersionDate "2010.11.25"]
[SourceQuality "1"]
[WhiteTeam "Evry Grand Roque II"]
[BlackTeam "Le Chesnay"]
[WhiteTeamCountry "FRA"]
[BlackTeamCountry "FRA"]

1. e4 e5 2. Nf3 Nc6 3. Bc4 Nf6 4. d4 exd4 5. Ng5 d5 6. exd5 Qe7+ 7. Kf1 Ne5 8. Qxd4 Nxc4 9. Qxc4 Qc5 10. Qxc5 Bxc5 11. Nc3 Bf5 12. Bf4 0-0 13. Bxc7 h6 14. Nf3 Bxc2 15. h3 Rac8 16. d6 Bf5 17. Na4 Ne4 18. Nxc5 Nxc5 19. Nd4 Bd3+ 20. Kg1 a6 21. Kh2 Ne4 22. f3 Nf6 23. Rac1 Nd7 24. Rhd1 Bg6 25. g4 f5 26. Re1 fxg4 27. hxg4 Rce8 28. Kg3 Rxe1 29. Rxe1 Re8 30. Rc1 Bf7 31. a3 Bd5 32. Nf5 Re2 33. Ne7+ 1-0

[Event "FRA-chT2 West 0708"]
[Site "France"]
[Date "2007.11.25"]
[Round "3.3"]
[White "Vaillant, Stephane"]
[Black "Guyard, Rodolphe"]
[Result "0-1"]
[WhiteElo "2027"]
[BlackElo "2124"]
[PlyCount "80"]
[EventDate "2007.10.21"]
[EventType "team"]
[EventRounds "11"]
[EventCountry "FRA"]
[SourceTitle "EXT 2009"]
[Source "ChessBase"]
[SourceDate "2008.11.26"]
[SourceVersion "1"]
[SourceVersionDate "2008.11.26"]
[SourceQuality "1"]
[WhiteTeam "Orleans"]
[BlackTeam "Evry Grand Roque II"]
[WhiteTeamCountry "FRA"]
[BlackTeamCountry "FRA"]

1. d4 e6 2. Nf3 f5 3. g3 b6 4. Bg2 Bb7 5. 0-0 Nf6 6. c4 Be7 7. Nc3 0-0 8. Re1 Bb4 9. Qb3 Bxc3 10. Qxc3 Ne4 11. Qc2 Qf6 12. e3 Nc6 13. b3 d6 14. Bb2 Ne7 15. b4 Qh6 16. Nd2 Qg6 17. a4 a5 18. bxa5 Rxa5 19. Nb3 Ra7 20. a5 bxa5 21. Rxa5 Rxa5 22. Nxa5 Ba8 23. Ra1 Ng5 24. Bxa8 Rxa8 25. Nb3 Rxa1+ 26. Bxa1 Qh5 27. f4 Nf3+ 28. Kh1 Nxh2 29. Qxh2 Qd1+ 30. Qg1 Qxb3 31. Qc1 Kf7 32. Kg2 Ng8 33. Qc3 Qxc3 34. Bxc3 c6 35. Bb4 d5 36. cxd5 exd5 37. Kf3 Nf6 38. Be1 Ke6 39. Ke2 Ne4 40. Kf3 h5 0-1

[Event "FRA-chT1A 0607"]
[Site "France"]
[Date "2007.02.25"]
[Round "9.5"]
[White "Picard, Clement"]
[Black "Guyard, Rodolphe"]
[Result "1/2-1/2"]
[WhiteElo "2160"]
[BlackElo "2127"]
[PlyCount "34"]
[EventDate "2006.10.15"]
[EventType "team-tourn"]
[EventRounds "11"]
[EventCountry "FRA"]
[SourceTitle "EXT 2008"]
[Source "ChessBase"]
[SourceDate "2007.11.25"]
[SourceVersion "1"]
[SourceVersionDate "2007.11.25"]
[SourceQuality "1"]
[WhiteTeam "Migne Auxances"]
[BlackTeam "Evry Grand Roque II"]
[WhiteTeamCountry "FRA"]
[BlackTeamCountry "FRA"]

1. e4 c5 2. Nc3 Nc6 3. g3 g6 4. Bg2 Bg7 5. d3 Rb8 6. Be3 d6 7. Qd2 b5 8. Nge2 b4 9. Nd1 h5 10. h3 Qb6 11. 0-0 e6 12. Kh2 Nge7 13. Ng1 a5 14. Nf3 Bd7 15. a3 Nd4 16. Ne1 Nec6 17. Rh1 Qc7 1/2-1/2

[Event "FRA-chT1A 0607"]
[Site "France"]
[Date "2007.01.25"]
[Round "6.5"]
[White "Guyard, Rodolphe"]
[Black "Gerard, Nicolas"]
[Result "0-1"]
[WhiteElo "2127"]
[BlackElo "2307"]
[PlyCount "78"]
[EventDate "2006.10.15"]
[EventType "team-tourn"]
[EventRounds "11"]
[EventCountry "FRA"]
[SourceTitle "EXT 2008"]
[Source "ChessBase"]
[SourceDate "2007.11.25"]
[SourceVersion "1"]
[SourceVersionDate "2007.11.25"]
[SourceQuality "1"]
[WhiteTeam "Evry Grand Roque II"]
[BlackTeam "Nantes"]
[WhiteTeamCountry "FRA"]
[BlackTeamCountry "FRA"]

1. e4 c5 2. Nf3 d6 3. d4 cxd4 4. Nxd4 Nf6 5. Nc3 a6 6. Be2 e5 7. Nb3 Be7 8. Qd3 Nbd7 9. Qg3 b5 10. a3 Bb7 11. Bd3 Qc7 12. 0-0 Nc5 13. Nxc5 dxc5 14. f4 Nh5 15. Qg4 Nxf4 16. Bxf4 exf4 17. Nd5 Bxd5 18. exd5 Bd6 19. Rae1+ Kf8 20. g3 c4 21. Be4 g6 22. Qh3 Kg7 23. gxf4 f5 24. Bxf5 gxf5 25. Kh1 Rhg8 26. Qc3+ Kf7 27. Qh3 Rg7 28. Qxf5+ Kg8 29. Rg1 Qf7 30. Rxg7+ Kxg7 31. Rg1+ Kf8 32. Qg4 Bxf4 33. Qg2 Rd8 34. Rf1 Rxd5 35. Qg4 Rf5 36. h4 Qd5+ 37. Rf3 Rf7 38. Qg2 Qe4 39. Qf1 Be5 0-1

[Event "FRA-chT2D 0506"]
[Site "France"]
[Date "2005.11.20"]
[Round "3.7"]
[White "Guyard, Rodolphe"]
[Black "Netzer, Jacques"]
[Result "1/2-1/2"]
[WhiteElo "2166"]
[BlackElo "1972"]
[PlyCount "33"]
[EventDate "2005.10.27"]
[EventType "team-tourn"]
[EventRounds "11"]
[EventCountry "FRA"]
[SourceTitle "EXT 2006"]
[Source "ChessBase"]
[SourceDate "2005.11.24"]
[SourceVersion "1"]
[SourceVersionDate "2005.11.24"]
[SourceQuality "1"]
[WhiteTeam "Evry II"]
[BlackTeam "Bischwiller"]
[WhiteTeamCountry "FRA"]
[BlackTeamCountry "FRA"]

1. e4 c5 2. Nf3 d6 3. c3 Nf6 4. Be2 g6 5. 0-0 Bg7 6. Re1 0-0 7. Bf1 Nc6 8. h3 e5 9. Qa4 d5 10. exd5 Nxd5 11. Na3 Be6 12. Nc4 Qc7 13. g3 Rad8 14. Qc2 Rfe8 15. d3 Qd7 16. Ng5 h6 17. Nxe6 1/2-1/2

[Event "FRA-chT2 0405"]
[Site "France"]
[Date "2004.10.10"]
[Round "1.7"]
[White "Labandibar, Benoit"]
[Black "Guyard, Rodolphe"]
[Result "1/2-1/2"]
[WhiteElo "2047"]
[BlackElo "2148"]
[PlyCount "50"]
[EventDate "2004.10.10"]
[EventType "team"]
[EventRounds "11"]
[EventCountry "FRA"]
[SourceTitle "EXT 2006"]
[Source "ChessBase"]
[SourceDate "2005.11.24"]
[SourceVersion "1"]
[SourceVersionDate "2005.11.24"]
[SourceQuality "1"]
[WhiteTeam "Checy"]
[BlackTeam "Evry II"]
[WhiteTeamCountry "FRA"]
[BlackTeamCountry "FRA"]

1. d4 e6 2. Nd2 c5 3. dxc5 Bxc5 4. Ne4 Nf6 5. Nxc5 Qa5+ 6. c3 Qxc5 7. Nf3 0-0 8. Be3 Qc7 9. g3 Ng4 10. Bc1 Nc6 11. Bg2 d5 12. 0-0 b6 13. Re1 Bb7 14. Nd4 Nxd4 15. Qxd4 Nf6 16. Bf4 Qc6 17. Rad1 Rac8 18. Bg5 Ne4 19. Bxe4 dxe4 20. Qd7 f6 21. Be3 Rf7 22. Qxc6 Bxc6 23. c4 Kf8 24. Rd2 Ke8 25. Red1 Rd7 1/2-1/2